|
|
|
|
| LEADER |
00000nab a2200000 a 4500 |
| 001 |
vtls000131564 |
| 003 |
SK-MaSNL |
| 005 |
20260303032250.0 |
| 008 |
111104c1982 xo 0 ukr |
| 015 |
|
|
|a SNBRB19rr/mm-uuuuu
|
| 035 |
|
|
|a CL0141670
|
| 040 |
|
|
|a SNKBUCL
|b slo
|c SNKBUCL
|e AACR2
|
| 041 |
0 |
|
|a ukr
|
| 044 |
|
|
|a xo
|c SK
|
| 080 |
|
|
|a 374
|2 1981
|
| 100 |
1 |
|
|a Danko, J.
|4 aut
|9 395400
|
| 245 |
1 |
0 |
|a Nesty ľuďom polumjane slovo. /Prinášať ľuďom plamenné slová./
|c J. Danko
|
| 300 |
|
|
|b Obr. 2.
|
| 610 |
2 |
7 |
|a Kultúrny zväz ukrajinských pracujúcich (Slovensko)
|2 snkbucl
|9 89421
|
| 651 |
|
7 |
|a Prešov (Slovensko)
|2 snkbucl
|9 17347
|
| 655 |
|
7 |
|a články z novín a časopisov
|2 snkbucl
|9 267496
|
| 773 |
0 |
|
|t Družno vpered
|g Roč. 31, č. 7 (1982), s. 2-3
|
| 850 |
|
|
|a Slovenská národná knižnica v Martine
|a MTA001
|
| 852 |
|
|
|a SNK
|b KIS3GCP
|
| 992 |
|
|
|a RBX
|
| 999 |
|
|
|c 1663363
|d 1665293
|